Statistics for 2019 NASCAR Cup Series Drivers

Click here to take the quiz!

General Stats

  • This quiz has been taken 218 times
    (213 since last reset)
  • The average score is 32 of 53

Answer Stats

NumberPerson% Correct
88Alex Bowman
97%
2Brad Keselowski
97%
3Austin Dillon
95%
9Chase Elliott
95%
1Kurt Busch
93%
18Kyle Busch
93%
13Ty Dillon
93%
22Joey Logano
90%
4Kevin Harvick
89%
11Denny Hamlin
88%
14Clint Bowyer
87%
48Jimmie Johnson
87%
10Aric Almirola
86%
19Martin Truex Jr.
86%
24William Byron
85%
43Bubba Wallace
84%
42Kyle Larson
84%
41Daniel Suarez
82%
12Ryan Blaney
82%
6Ryan Newman
82%
20Erik Jones
81%
17Ricky Stenhouse Jr.
78%
37Chris Buescher
77%
21Paul Menard
77%
8Daniel Hemric
70%
51Cody Ware
68%
34Michael McDowell
68%
95Matt Dibenedetto
64%
47Ryan Preece
64%
38David Ragan
63%
62Brendan Gaughan
61%
32Corey Lajoie
61%
31Tyler Reddick
60%
00Landon Cassill
55%
66Timmy Hill
52%
40Jamie McMurray
45%
36Matt Tifft
42%
66Joey Gase
41%
15Ross Chastain
40%
96Parker Kligerman
39%
51Cole Custer
30%
99Garrett Smithley
30%
00Derrike Cope
25%
27Casey Mears
20%
96DJ Kennington
20%
51Josh Bilicki
20%
52Kyle Weatherman
9%
51Harrison Rhodes
7%
97Tanner Berryhill
7%
92Timothy Peters
3%
51Justin Marks
2%
66Mark Thompson
1%
51Ray Black
1%

Score Distribution

Percentile by Number Answered

Percent of People with Each Score

Your Score History

You have not taken this quiz since the last reset